000 02103nam a22003497a 4500
001 42835
003 gtgccic
005 20251113153817.0
007 ta
008 251113b gt ||||| |||| 00| 0 spa d
040 _agtgccic
_bspa
_cgtgccic
_erda
084 _0TPI-17-0117
100 1 0 _aMagda Dinora Hernández Choc
_dArquitecta
_eautor
245 1 0 _aDiseño de tanque de captación y tratamiento de agua,
_bCasillas, Santa Rosa /
_cHernández Choc, Magda Dinora
264 1 _aGuatemala, Guatemala :
_bUSAC, Facultad de Ingeniería ;
_c2017.-
300 _axiv, 101 p. :
_bil. ;
_c27 cm
336 _2rdacontenido
_aTexto
_btxt
337 _2rdamedio
_asin mediación
_bn
338 _2rdasoporte
_avolumen
_bnc
502 _aTesis Postgrado
_bMAESTRA EN ARTES EN INGENIERÍA PARA EL DESARROLLO MUNICIPAL
_cUSAC, Facultad de Ingeniería, Escuela de Postgrado
_d2017
_oTPI-17-0117
504 _aBibñiografía pag. 69
505 _t1. CARACTERIZACIÓN DEL MUNICIPIO
505 _t2. EL MUNICIPIO Y EL AGUA POTABLE
505 _t3. PROPUESTA PARA MEJORAR LA CAPTACIÓN Y PURIFICACIÓN DEL AGUA EN CASILLAS, SANTA ROSA
505 _t4. DISEÑO DE TANQUE DE CAPTACIÓN
505 _t5. PRESENTACIÓN DE RESULTADOS
520 3 _aCuando los habitantes de las comunidades no cuentan con agua necesaria para vivir, se encuentran en riesgo de adquirir diversas enfermedades, sumado a esto, no sea potable y apta para consumo humano también se corre el riesgo de adquirir enfermedades. Por el contrario , si la comunidad cuenta con acceso al agua en condiciones normales la salud y el desarrollo de todos es mejor. Es el caso que presenta un sector del municipio de Casillas, Santa Rosa, el sistema de tanques que abastece a ciertas comunidades sus condiciones físicas se muestran deterioradas presenta filtración, acumulación de moho y la contaminación que produce el agua, su tecnología es inadecuada para satisfacer las necesidades de la población.
650 _aABASTECIMIENTO DE AGUA
700 _aMSc. Arq. Luis Estuardo Ovando Lavagnino
_easesor
942 _2ddc
_cTPS
945 _aamlo
999 _c2530
_d2530